| 000 | 01033nas a2200277 4500 | ||
|---|---|---|---|
| 001 | BR8402457 | ||
| 003 | BR-BrBNA | ||
| 005 | 20231205085915.0 | ||
| 007 | ta | ||
| 008 | 230509b bl.|||p| |||| 00| 00por d | ||
| 040 |
_aBR-BrBNA _bpor _cBiblioteca Nacional de Agricultura |
||
| 041 | _a(Pt) | ||
| 072 | _aH10 | ||
| 100 | 1 | _aBergmann, E.C. | |
| 100 | 1 | _aMoreti, A.C. de C.C. | |
| 100 | 1 | _aMendonca, N.T. de | |
| 100 | 1 | _aChiba, S. | |
| 245 | 1 | _aFlutuacao populacional do diptero Liriomyza sp. (Diptera, Agromyzidae)em cultura de crisantemo (Chrysanthemum sp.)durante o ano agricola 1981/82 [larva minadora] | |
| 246 | 1 | _aPopulational fluctuation of dipteron Liriomyza sp. (Diptera-Agromyzidae)in chrysantemum during the agricultural year of 1981/82 [Miner Larva] | |
| 650 | _aCRISANTEMO | ||
| 650 | _aLARVA MINADORA | ||
| 650 | _aFLUTUACAO POPULACIONAL | ||
| 773 | 0 |
_tBiologico (Brazil) _xISSN 0366-0567 _g(Jul 1983), v. 49(7) p. 187-192 _wBR8402457 |
|
| 909 |
_a202311 _bLúcia _c55 _dLúcia Elande |
||
| 942 |
_2AGRIS _n0 _cANA |
||
| 999 |
_c114682 _d114682 |
||